|
|
|
|
| LEADER |
01667nam a2200289 u 4500 |
| 001 |
10086704 |
| 003 |
upatras |
| 005 |
20210117202614.0 |
| 008 |
100831s2000 gr gre |
| 020 |
|
|
|a 9601503161
|
| 040 |
|
|
|a GR-PaULI
|c GR-PaULI
|
| 041 |
0 |
|
|a gre
|
| 082 |
0 |
4 |
|a 341.734
|
| 100 |
1 |
|
|a Σκορδάς, Αχιλλέας Χ.
|9 89404
|
| 245 |
1 |
0 |
|a Η καθοδηγητική λειτουργία του διεθνούς δικαστηρίου διακιοσύνης και η μετέωρη κανονιστικότητα του διεθνούς δικαίου
|b οι γνωμοδοτήσεις της 8.7.1996 ως προς τη νομιμότητα της απειλής ή χρήσης πυρηνικών όπλων
|c Αχιλλέας Χ. Σκορδάς
|
| 260 |
|
|
|a Αθήνα
|a Κομοτηνή
|b Εκδόσεις Αντ. Ν. Σάκκουλα
|c 2000
|
| 300 |
|
|
|a 92 σ.
|c 21 εκ.
|
| 490 |
0 |
|
|a Βιβλιοθήκη Περιβαλλοντικού Δικαίου : Νόμος και Φύση
|v 6
|
| 504 |
|
|
|a Περιλαμβάνει βιβλιογραφικές αναφορές
|
| 650 |
|
4 |
|a Πυρηνικά όπλα
|9 53913
|
| 650 |
|
4 |
|a Πυρηνικά όπλα
|x Δίκαιο και νομοθεσία
|9 89405
|
| 760 |
0 |
|
|a Βιβλιοθήκη περιβαλλοντικού δικαίου
|g 6
|
| 852 |
|
|
|a GR-PaULI
|b ΠΑΤΡΑ
|b ΒΚΠ
|b ΒΣ1
|k ΑΣΧΕ
|h 341.734 ΣΚΟ
|m 102866
|p 025000189869
|t 1
|
| 942 |
|
|
|2 ddc
|c BK15
|
| 952 |
|
|
|0 0
|1 0
|4 0
|6 341_734000000000000_ΣΚΟ
|7 0
|9 92995
|a LISP
|b LISP
|c BSC
|d 2016-04-24
|i 102866
|l 0
|o 341.734 ΣΚΟ
|p 025000189869
|r 2016-04-24 00:00:00
|t 1
|w 2016-04-24
|y BK15
|
| 998 |
|
|
|c ΣΚΟΝΔΡΑ
|d 2010-08
|
| 999 |
|
|
|c 62451
|d 62451
|